000 00488nam a2200157 4500
001 123884
003 ES-MaACL
005 20230906192252.0
007 t|
008 070214s1962 pr r ||||1| spa d
100 1 _aRamírez de Arellano de Nolla, Olga.
_995133
245 1 3 _aEl rosal fecundo /
_cOlga Ramírez de Arellano de Nolla.
260 _aSan Juan de Puerto Rico :
_b[s. n.],
_c1962 (
_fGráf. Diario Día)
300 _a125 p. ;
_c24 cm.
852 _aES-MaACL
_jC-21395
_bR.49847
999 _c123884
_d123884